Cosmological constants : papers in modern cosmology

Αποθηκεύτηκε σε:
Λεπτομέρειες βιβλιογραφικής εγγραφής
Άλλοι συγγραφείς: Bernstein, Jeremy 1929- (Επιμελητής έκδοσης), Feinberg, Gerald 1933- (Επιμελητής έκδοσης)
Μορφή: Βιβλίο
Γλώσσα:English
Δημοσίευση: New York : Columbia University Press, 1986
Θέματα:
Ετικέτες: Προσθήκη ετικέτας
Δεν υπάρχουν, Καταχωρήστε ετικέτα πρώτοι!

MARC

LEADER 00000nam a2200000 i 4500
001 1/80704
008 990512s1986 eng d
020 |a 0-231-06377-6 
035 |l 10050703 
040 |a GR-MY-UA  |b gre  |e aacr 
041 0 |a eng 
082 0 |a 523.1 
245 1 0 |a Cosmological constants :  |b papers in modern cosmology /  |c edited by Jeremy Bernstein and Gerald Feinberg 
260 |a New York :   |b Columbia University Press,   |c 1986 
300 |a ix, 328 p.;  |b ill.;  |c 24 cm. 
500 |a Includes bibliographies 
650 0 0 |a Cosmology. 
650 0 0 |a Astrophysics. 
700 1 |a Bernstein, Jeremy  |d 1929-  |4 edt 
700 1 |a Feinberg, Gerald  |d 1933-  |4 edt 
852 |a INST  |b SAMOS  |e 19990512  |h 523.1 COS  |p 005300012815  |q 005300012815  |t BK  |y 0 
901 |a BIBL3-1999-2 
909 |a Σ  |b 063838 
922 |a 3ΕΛΗ  |b 199901  |c ΚΠΣ  |d GLORY